000 01475cad a22002295a 4500
001 L146896
008 090309s2009 xxk f 000 0 eng d
020 _a9781842194522
035 _a(Sirsi) u146896
041 0 _aeng
050 0 4 _a333.33 $2 18
110 2 _aRoyal Institution of Chartered Surveyors
_94900
245 0 0 _aLimiting liability in property management contracts
_h[electronic resource]
260 _aLondon
_bRICS
_c2009
490 0 _aRICS Information Paper
520 _aBriefly explains the principles of liability under English law, how such principles relate to property management contracts and how property professionals should consider addressing liability in standard contracts. Includes sample model clauses and examples. However, cautions that these are not definitive and will need to be tailored to any given situation. This paper is appropriate where you are acting as the landlord's agent in relation to commercial properties based in England and Wales. It does not deal with residential property management, or acting for tenants, or international portfolios of properties.
590 _aKA
651 4 _aUnited Kingdom
_y
690 _aPROPERTY-COMMERCIAL PROPERTY-COMMERCIAL PROPERTY MANAGEMENT
856 4 0 _uhttps://www.rics.org/Global/Downloads/Limiting_liability_in_property_management_contracts_1st_edition_PGguidance_2009.pdf
_zView the information paper free of charge (RICS member only content) at www.rics.org...
942 _n0
999 _c109342
_d109342